Normal view
MARC view
- Supervisor Dr. Mazhar Iqbal Arshad
Entry Personal Name
001 - CONTROL NUMBER
- control field: 126709
003 - CONTROL NUMBER IDENTIFIER
- control field: NUST
005 - DATE AND TIME OF LATEST TRANSACTION
- control field: 20241101134359.0
008 - FIXED-LENGTH DATA ELEMENTS
- fixed length control field: 241101|| aca||aabn | a|a d
040 ## - CATALOGING SOURCE
- Original cataloging agency: NUST
- Transcribing agency: NUST
100 ## - HEADING--PERSONAL NAME
- Personal name: Supervisor Dr. Mazhar Iqbal Arshad
670 ## - SOURCE DATA FOUND
- Source citation: Work cat.: (NUST)232184: Sadiq, Muhammad Yousaf 50753, Implementation of six sigma in construction industry of Pakistan/ , 2015.
